| 000 -CABECERA |
| fixed length control field |
01560nam a22002657i 4500 |
| 003 - IDENTIFICADOR DEL NÚMERO DE CONTROL |
| control field |
AR-CdUCM |
| 008 - DATOS DE LONGITUD FIJA--INFORMACIÓN GENERAL |
| fixed length control field |
260429b2014 sp d|||| |||| 00| 0 spa d |
| 020 ## - NÚMERO INTERNACIONAL ESTÁNDAR DEL LIBRO |
| ISBN |
978-5-396-00384-2 |
| 040 ## - FUENTE DE LA CATALOGACIÓN |
| Agencia/entidad que catalogó originalmente la obra |
MUNICIPALIDAD PROVINCIAL DEL CUSCO |
| Entidad que transcribió la catalogación |
BIBLIOTECA MUNICIPAL DEL CUSCO |
| 082 ## - NÚMERO DE LA CLASIFICACIÓN DECIMAL DEWEY |
| No. de Clasificación |
510 |
| Notacion interna |
F84 |
| 100 ## - ENTRADA PRINCIPAL--NOMBRE DE PERSONA |
| Nombre Personal |
Fridman, Lev M. |
| 245 ## - MENCIÓN DE TÍTULO |
| Título |
¿Qué es la matemática? / |
| 260 ## - PUBLICACIÓN, DISTRIBUCIÓN, ETC. |
| Lugar de publicación, distribución, etc. |
España : |
| Nombre de la editorial, distribuidor, etc. |
KRASAND |
| Fecha de publicación, distribución, etc. |
2014 |
| 300 ## - DESCRIPCIÓN FÍSICA |
| Nº de Páginas Extensión |
232 páginas. : |
| Dimensiones |
14,5x21,5 cm. |
| 505 ## - NOTA DE CONTENIDO CON FORMATO |
| Nota de contenido formateada |
Introducción a la naturaleza de la matemática -- Concepto y definición de matemática -- Orígenes históricos de la matemática -- Matemática en las civilizaciones antiguas -- Desarrollo de la aritmética y el álgebra -- Geometría clásica y sus fundamentos -- El papel de la lógica en la matemática -- Evolución del pensamiento matemático -- Matemática como lenguaje universal -- Relación entre matemática y ciencias naturales -- Problemas matemáticos clásicos y su análisis -- Métodos de resolución de problemas -- Importancia de la demostración matemática -- Aplicaciones de la matemática en la vida cotidiana -- Matemática en la educación moderna -- Perspectivas filosóficas de la matemática |
| 650 ## - PUNTO DE ACCESO ADICIONAL DE MATERIA--TÉRMINO DE MATERIA |
| Descriptor |
Matemáticas - Filosofía |
| 9 (RLIN) |
52802 |
| 650 ## - PUNTO DE ACCESO ADICIONAL DE MATERIA--TÉRMINO DE MATERIA |
| Descriptor |
Matemáticas - Historia |
| 9 (RLIN) |
52803 |
| 650 ## - PUNTO DE ACCESO ADICIONAL DE MATERIA--TÉRMINO DE MATERIA |
| Descriptor |
Matemáticas - Enseñanza |
| 9 (RLIN) |
52804 |
| 650 ## - PUNTO DE ACCESO ADICIONAL DE MATERIA--TÉRMINO DE MATERIA |
| Descriptor |
Lógica matemática |
| 9 (RLIN) |
52805 |
| 650 ## - PUNTO DE ACCESO ADICIONAL DE MATERIA--TÉRMINO DE MATERIA |
| Descriptor |
Resolución de problemas matemáticos |
| 9 (RLIN) |
52806 |
| 650 ## - PUNTO DE ACCESO ADICIONAL DE MATERIA--TÉRMINO DE MATERIA |
| Descriptor |
Pensamiento matemático |
| 9 (RLIN) |
12979 |
| 942 ## - ELEMENTOS DE PUNTO DE ACCESO ADICIONAL (KOHA) |
| Fuente de clasificación |
|
| Tipo de item |
Libros-BMC |
| 945 ## - PROCESAMIENTO DE INFORMACIÓN LOCAL (OCLC) |
| Catalogador |
esh |
| AAAA-MM-DD - Fecha de ingreso o modificacion |
29-04-2026 |